| 000 | 00487nam a2200181 4500 | ||
|---|---|---|---|
| 001 | 23106 | ||
| 005 | 20230410123418.0 | ||
| 008 | 060907n2004 dr spa | ||
| 020 | _a0804746559 | ||
| 035 | _9funglode23273 | ||
| 041 | _aEN | ||
| 050 | 1 | 4 | _aK 487 M619e 2004 |
| 100 | _aMiceli, Thomas J. | ||
| 245 | 1 | 4 |
_aThe economic approach to law / _cThomas J. Miceli |
| 260 |
_aStanford : _bStanford Economic and Finance, _c2004 |
||
| 300 | _axxii, 379 p. | ||
| 942 |
_2lcc _cbk |
||
| 999 |
_c60894 _d60894 |
||